ՀՀ Գիտությունների ազգային ակադեմիայի հիմնարար գիտական գրադարան  =   Fundamental Scientific Library of NAS RA

Хронологическая таблица социiальнаго движенiя : (Record no. 230887)

MARC details
000 -LEADER
fixed length control field 00824nam a2200193 u 4500
001 - CONTROL NUMBER
control field 000646264
003 - CONTROL NUMBER IDENTIFIER
control field AM-YeHGA
005 - DATE AND TIME OF LATEST TRANSACTION
control field 20250617141021.0
008 - FIXED-LENGTH DATA ELEMENTS--GENERAL INFORMATION
fixed length control field 090326s1906 ||| r 000 0 rus d
040 ## - CATALOGING SOURCE
Original cataloging agency AM-YeHGA
041 1# - LANGUAGE CODE
Language code of text/sound track or separate title rus
Language code of original ger
090 ## - LOCALLY ASSIGNED LC-TYPE CALL NUMBER (OCLC); LOCAL CALL NUMBER (RLIN)
-- 232441
100 1# - MAIN ENTRY--PERSONAL NAME
Personal name Зомбарт, Вернер
Dates associated with a name 1863-1941
245 10 - TITLE STATEMENT
Title Хронологическая таблица социiальнаго движенiя :
Remainder of title (1750-1905) /
Statement of responsibility, etc. Вернер Зомбарт; Пер. Ф.Н. Латернера.
260 ## - PUBLICATION, DISTRIBUTION, ETC.
Place of publication, distribution, etc. Санкт-Петербург
Manufacturer тип. Спб. т-ва печ. и изд. дела "Труд"
Date of publication, distribution, etc. 1906.
300 ## - PHYSICAL DESCRIPTION
Extent 51 с.
653 0# - INDEX TERM--UNCONTROLLED
Uncontrolled term Социальное движение - Хронологическая таблица
700 1# - ADDED ENTRY--PERSONAL NAME
Personal name Латернер, Федор Ноэлевич
Dates associated with a name 1876-1925
Relator term пер.
Relationship trl
Holdings
Withdrawn status Lost status Source of classification or shelving scheme Damaged status Not for loan Collection Home library Current library Date acquired Total checkouts Full call number Barcode Date last seen Price effective from Koha item type Public note
    Universal Decimal Classification     General Fundamental Scientific Library Fundamental Scientific Library 29/12/2016   PI/8043 FL0103853 29/12/2016 29/12/2016 Գրքեր / Books 30 Days Loan


ՀՀ ԳԱԱ հիմնարար գիտական գրադարան
ՀՀ,Երևան 0019
Մարշալ Բաղրամյան 24/6
հեռախոս:(374-10) 52-47-50
Հետադարձ կապ

All site content, except where otherwise noted, is licensed under a
Creative Commons License